Statistics for Taylor Swift songs

Click here to take the quiz!

General Stats

  • This quiz has been taken 161 times
  • The average score is 8 of 12

Answer Stats

HintAnswer% Correct
So don't you worry your pretty little mind people throw rocks at things that shineOurs
89%
Cause we're young and we're reckless... We'll take this way too far..Blank Space
89%
I've been spending the last eight months thinking all love ever does and break and burn and endBegin Again
82%
Get me with those green eyes, baby, as the lights go down...Sparks Fly
77%
Did you have to do this? I was thinking that you could be trusted..Bad Blood
76%
I want you for better or for worse, I would wait forever and ever, broke your heart..How You Get The Girl
70%
Didn't they tell us don't rush into things? Didn't you flash your green eyes at me?Wonderland
69%
And I'd be smart to walk away but you're quicksand...Treacherous
64%
Now it's big black cars and Riviera views and your lover in the foyer doesn't even know youThe Lucky One
64%
So how can I ever try to be better? Nobody ever lets me in...The Outside
59%
Never wanted this, never wanna see you hurt. Every little bump in the road I tried to smoothBreathe
51%
Burning brighter than the sun.... And when your close I feel like coming undoneUntouchable
50%

Score Distribution

Percentile by Number Answered

Percent of People with Each Score

Your Score History

You have not taken this quiz